01357nam a2200337Ia 450000500170000000800410001702000150005808200160007310000250008924501550011425000180026930000560028750000420034353400270038558600400041265000380045265000430049065000290053365000270056270000380058970000380062770000390066594200120070426400400071633600270075633700330078333800280081604000350084499900150087995201250089420220317001404.0161108s2010 ck a g 000 0 spa  a958824307604a596.9bC66o aCoppens, Yvesd1934-14aLos orígenes del hombrecYves Coppens ; ilustraciones de Sacha Gepner ; texto compilado por Soizik Moreau ; traducción del italiano Juanita Cajiao a1a. edición a61 páginasbilustraciones y fotos en colorc32 cm aIncluye datos biográficos del autor tLe origini dell´ Uomo aPremio Hans Christian Andersen 2008142LEMBaOrigen de la vidaxHistoria142LEMBaOrigen de las especiesxHistoria142LEMBaEvolución humana142LEMBaHombre primitivo1 aGepner, Sachaeilustradora9719841 aMoreau, Soizikecompilador9719851 aCajiao, Juanitaetraductora971986 2ddccBK aBogotábCangrejobGato Azulc2010 atextobtxt2rdacontent asin mediaciónbn2rdamedia avolumenbnc2rdacarrier aCO-BoRNBPbspaerdacCO-BoRNBP c6823d6823 00102ddc4070aMELEJANIbMELEJANIcGENd2025-10-24l0o596.9 C66opLEJ00980r2025-10-24 14:29:52tEj.1w2025-10-24yBK